The exodus in business (Record no. 67042)
[ view plain ]
| 000 -LEADER | |
|---|---|
| fixed length control field | 01245cam a2200253 4500 |
| 001 - CONTROL NUMBER | |
| control field | ABS63925 |
| 008 - FIXED-LENGTH DATA ELEMENTS--GENERAL INFORMATION | |
| fixed length control field | 000000n2001 000 0 eng u |
| 035 ## - SYSTEM CONTROL NUMBER | |
| System control number | (Sirsi) u112619 |
| 100 ## - MAIN ENTRY--PERSONAL NAME | |
| Personal name | Thompson, J |
| 245 #4 - TITLE STATEMENT | |
| Title | The exodus in business |
| 260 ## - PUBLICATION, DISTRIBUTION, ETC. | |
| Date of publication, distribution, etc. | 2001 |
| 490 ## - SERIES STATEMENT | |
| Series statement | Building |
| Volume/sequential designation | 266(8183) 27 April 2001, 42-44(3) |
| 520 ## - SUMMARY, ETC. | |
| Summary, etc. | Looks at the trend of housebuilders delisting from the London Stock Exchange, in favour of going private. Housebuilders such as Fairview, Westcott and Ward Homes have taken advantage of poor construction sector share prices and arranged management buyouts. Identifies reasons why housebuilding companies are not always suited to the confines of the City, in particular lack of understanding of the nature of housebuilding among investors, and the large bills and demands placed on listed companies. Concludes by balancing the disadvantages of listed housebuilding companies with the risks in going private. Graph. |
| 590 ## - LOCAL NOTE (RLIN) | |
| Local note | ABS |
| 650 ## - SUBJECT ADDED ENTRY--TOPICAL TERM | |
| Topical term or geographic name entry element | PUBLIC COMPANIES |
| 650 ## - SUBJECT ADDED ENTRY--TOPICAL TERM | |
| Topical term or geographic name entry element | CONSTRUCTION INDUSTRY |
| 650 ## - SUBJECT ADDED ENTRY--TOPICAL TERM | |
| Topical term or geographic name entry element | SHARE PRICES |
| 650 ## - SUBJECT ADDED ENTRY--TOPICAL TERM | |
| Topical term or geographic name entry element | INVESTMENT |
| 650 ## - SUBJECT ADDED ENTRY--TOPICAL TERM | |
| Topical term or geographic name entry element | PRIVATE COMPANIES |
| 650 ## - SUBJECT ADDED ENTRY--TOPICAL TERM | |
| Topical term or geographic name entry element | LONDON STOCK EXCHANGE |
| 650 ## - SUBJECT ADDED ENTRY--TOPICAL TERM | |
| Topical term or geographic name entry element | HOUSE BUILDERS |
| 690 ## - LOCAL SUBJECT ADDED ENTRY--TOPICAL TERM (OCLC, RLIN) | |
| Topical term or geographic name as entry element | BUILT ENVIRONMENT |
| 942 ## - ADDED ENTRY ELEMENTS (KOHA) | |
| Suppress in OPAC | 0 |
| Withdrawn status | Lost status | Source of classification or shelving scheme | Damaged status | Not for loan | Home library | Current library | Shelving location | Date acquired | Total Checkouts | Full call number | Barcode | Date last seen | Copy number | Price effective from | Koha item type |
|---|---|---|---|---|---|---|---|---|---|---|---|---|---|---|---|
| Dewey Decimal Classification | London | London | Journal article | 16/05/2001 | ABS63925 | 112619-1001 | 06/08/2019 | 1 | 06/08/2019 | Journal article |